00673 2200217 4500001002100000005001500021035002000036007000300056008004100059020002200100082001000122084001600132100001300148245014500161260003400306300003100340650003600371700002600407990001100433990001100444INLIS00000000000435220191030023820 a0010-1019000204ta191030 g 0 ind  a978-602-1656-46-4 a745.5 a745.5 LIN a0 aLINAWATI1 aAksesori untuk anak :bRagam aksesori untuk buah hati yang cantik, mudah dibuat dan nyaman dipakai /cLinawati: editor, Dwi Jayanti Indah P. aSurabaya :bTiara Aksa,c2016 a85 hlm. :bilus. ;c21 cm. 4aSENI DEKORASI. KERAJINAN TANGAN0 aDWI, Jayanti Indah P. a6988 a a6988 b